| 000 | 00906nas a2200301 4500 | ||
|---|---|---|---|
| 001 | BR0802588 | ||
| 003 | BR-BrBNA | ||
| 005 | 20231205112027.0 | ||
| 007 | ta | ||
| 008 | 230509b bl.|||p| |||| 00| 00por d | ||
| 040 |
_aBR-BrBNA _bpor _cBiblioteca Nacional de Agricultura |
||
| 041 | _a(En) | ||
| 072 | _aL60; L53; L20 | ||
| 100 | 1 | _aBravo, I.S.J. | |
| 100 | 1 | _aMagalhães, T.C. | |
| 100 | 1 | _aSilva Neto, A.M. da | |
| 100 | 1 | _aGuimarães, A.N. | |
| 100 | 1 | _aNascimento, A.S. | |
| 245 | 1 | _aLongevity and fecundity of four species of Anastrepha (Diptera: Tephritidae) | |
| 650 | _aINSETO | ||
| 650 | _aMOSCA DAS FRUTAS | ||
| 650 | _aCOMPORTAMENTO ANIMAL | ||
| 650 | _aLONGEVIDADE | ||
| 650 | _aFECUNDIDADE | ||
| 773 | 0 |
_tNeotropical Entomology (Brazil) _xISSN 1519-566X _g(Oct-Dec 2003), v. 32(4) p. 543-548 _wBR0802588 |
|
| 909 |
_a202311 _bLúcia _c55 _dLúcia Elande |
||
| 942 |
_2AGRIS _n0 _cANA |
||
| 999 |
_c195700 _d195700 |
||